Ryan O'Neal Filmography - Statistics

General Stats
  • This quiz has been taken 9 times
    7 since last reset
  • The average score is 16 of 76
Answer Stats
Type Year Name % Correct
Film 1970 Love Story
100%
Film 1973 Paper Moon
67%
Film 1972 What's Up, Doc?
67%
Film 1975 Barry Lyndon
50%
TV Show 2005 Desperate Housewives
50%
Film 1978 Oliver's Story
50%
TV Show 1964-1969 Peyton Place
50%
Film 1977 A Bridge Too Far
33%
TV Show 1961 Leave It to Beaver
33%
Film 1976 Nickelodeon
33%
Film 1982 Partners
33%
Film 1981 So Fine
33%
Film 1979 The Main Event
33%
TV Pilot 1992 1775
17%
TV Show 2010 90210
17%
Film 1997 An Alan Smithee Film: Burn Hollywood Burn
17%
TV Show 1961 Bachelor Father
17%
TV Show 2006-2017 Bones
17%
TV Show 2000-2001 Bull
17%
Film 1989 Chances Are
17%
Film 1981 Circle of Two
17%
Film 1999 Coming Soon
17%
TV Show 1962-1963 Empire
17%
TV Film 2001 Epoch
17%
TV Film 1968 European Eye
17%
Film 1996 Faithful
17%
Film 1985 Fever Pitch
17%
TV Show 1960 General Electric Theater
17%
TV Special 1967 Go!!!
17%
TV Show 1991 Good Sports
17%
Film 1981 Green Ice
17%
Film 1997 Hacks
17%
Film 1984 Irreconcilable Differences
17%
Film 2015 Knight of Cups
17%
TV Show 1961 Laramie
17%
TV Film 1971 Love Hate Love
17%
Theater 2015-2016 Love Letters
17%
Film 2003 Malibu's Most Wanted
17%
Film 1995 Man of the House
17%
TV Show 2003 Miss Match
17%
Film 2019 My Best Friend's Famous
17%
TV Show 1962 My Three Sons
17%
Film 2002 People I Know
17%
TV Show 1964 Perry Mason
17%
TV Special 1968 Romp!!!
17%
TV Film 1988 Sam Found Out: A Triple Play
17%
Film 2012 Slumber Party Slaughter
17%
TV Film 1989 Small Sacrifices
17%
Film 1969 The Big Bounce
17%
Film 1978 The Driver
17%
TV Show 1961 The DuPont Show with June Allyson
17%
Film 1970 The Games
17%
Film 2003 The Gentleman Bandit
17%
TV Show 1995 The Larry Sanders Show
17%
Film 2000 The List
17%
TV Film 1992 The Man Upstairs
17%
TV Show 1960 The Many Loves of Dobie Gillis
17%
Film 1973 The Thief Who Came to Dinner
17%
TV Show 1960 The Untouchables
17%
TV Show 1963 The Virginian
17%
Film 1987 Tough Guys Don't Dance
17%
TV Show 1961 Two Faces West
17%
TV Film 1969 Under the Yum Yum Tree
17%
Documentary 2015 Unity
17%
TV Show 1964 Wagon Train
17%
Short Film 2007 Waste Land
17%
TV Show 1961 Westinghouse Playhouse
17%
Film 1971 Wild Rovers
17%
Film 1998 Zero Effect
17%
TV Show 2005 Chasing Farrah
0%
TV Show 1969 Dee Time
0%
TV Show 1967 Dream Girl of '67
0%
TV Show 2015 Great Performances
0%
TV Show 2011 Ryan & Tatum: The O'Neals
0%
TV Show 2003 The Jamie Kennedy Experiment
0%
TV Show 1967-1975 The Mike Douglas Show
0%
No matching quizzes found
Score Distribution
Percent of People with Each Score
Percentile by Number Answered
Your Score History
You have not taken this quiz since the last reset